| 000 | 00926nam a2200313Ia 4500 | ||
|---|---|---|---|
| 003 | OSt | ||
| 005 | 20221007124433.0 | ||
| 006 | a|||||r|||| 00| 0 | ||
| 007 | ta | ||
| 008 | 221006b |||||||| |||| 00| 0 eng d | ||
| 020 | _a9781439836736 (hbk) | ||
| 024 | _a188612 | ||
| 037 | _cTextbook | ||
| 040 |
_aCDL _cCDL _beng |
||
| 041 |
_2eng _aeng |
||
| 082 | _aD65,8(B)94mt, Q1 Carc | ||
| 100 |
_aKlee Harold _9460935 |
||
| 245 | 0 |
_aSimulation of Dynamic Systems : with matlab and simulink _b Allen Randal |
|
| 250 | _a2 | ||
| 260 |
_aBoca _bRaton CRC _c2011 |
||
| 300 |
_axix,795p. _ccm. |
||
| 500 | _aReferences 781-784p.; Index 785-795p. | ||
| 650 | _a MATLAB | ||
| 650 |
_a SIMULINK _9719259 |
||
| 650 |
_aComputer simulation _9713688 |
||
| 700 |
_a Allen Randal _9460936 |
||
| 942 |
_hD65,8(B)94mt, Q1 Carc _cTB _2CC |
||
| 999 |
_c1213537 _d1213537 |
||